| 000 | 00420nam a2200181Ia 4500 | ||
|---|---|---|---|
| 008 | 170918s9999 xx 000 0 und d | ||
| 020 | _a9781595146816 | ||
| 050 | _bI78fi 2013 | ||
| 100 | _aIserson, David | ||
| 245 | _aFirecracker / | ||
| 245 | _cby David Iserson. | ||
| 260 | _aNew York : | ||
| 260 | _bRazor Bill, | ||
| 260 | _c2013 | ||
| 300 | _a331 pages : | ||
| 300 | _billustrations ; | ||
| 300 | _c21cm. | ||
| 999 |
_c343532 _d343532 |
||